| 000 | 00463nam a22001577a 4500 | ||
|---|---|---|---|
| 999 |
_c2124 _d2124 |
||
| 008 | 200213b ||||| |||| 00| 0 eng d | ||
| 020 | _a0126445516 | ||
| 100 |
_91721 _aSimsion, Graham C. |
||
| 245 | 1 | 0 |
_aData modeling and essentials/ _cby Graham C. Simsion and Graham C. Witt |
| 250 | _a3rd ed. | ||
| 260 |
_aNew-Delhi _bElsevier _c2005 |
||
| 300 | _axxi,532p. | ||
| 650 | 0 |
_aDatabase Management _xData Structures |
|
| 700 |
_91722 _aWitt, Graham C. |
||
| 942 | _cBK | ||